[Event "Euro Online U2300 Day 1"]
[Site "chess.com INT"]
[Date "2020.05.25"]
[Round "7"]
[White "Tsirulnik, Maritsa"]
[Black "Kovacevic, Krsto"]
[Result "0-1"]
[WhiteElo "2139"]
[BlackElo "2117"]
[WhiteFideId "14118688"]
[BlackFideId "14519739"]
[EventDate "2020.05.25"]

1. d4 Nf6 2. c4 e6 3. g3 d5 4. Bg2 Bb4+ 5. Bd2 Bd6 6. Nc3 c6 7. Nf3 O-O 8. O-O
Ne4 9. Nxe4 dxe4 10. Ne5 f6 11. Ng4 f5 12. Ne3 Nd7 13. Bc3 Nf6 14. d5 e5 15. b4
f4 16. Nc2 cxd5 17. cxd5 Bf5 18. gxf4 exf4 19. Nd4 Bd7 20. Ne6 Bxe6 21. dxe6 Qe7
22. Bh3 Rac8 23. Qb3 f3 24. exf3 exf3 25. Kh1 Kh8 26. Rg1 Rxc3 27. Qxc3 Ne4 28.
Qe3 Qh4 29. e7 Bxe7 30. Rg3 Nxg3+ 31. fxg3 Qxh3 0-1

[Event "Euro Online U2300 Day 1"]
[Site "chess.com INT"]
[Date "2020.05.25"]
[Round "7"]
[White "Jaroch, Pawel"]
[Black "Musovic, Armin"]
[Result "1/2-1/2"]
[BlackTitle "FM"]
[WhiteElo "2199"]
[BlackElo "2219"]
[WhiteFideId "1124366"]
[BlackFideId "939935"]
[EventDate "2020.05.25"]

1. d4 d5 2. c4 c5 3. cxd5 e6 4. dxe6 Bxe6 5. Nf3 Nc6 6. e3 a6 7. Nc3 Nf6 8. Be2
Be7 9. O-O O-O 10. a3 Qa5 11. Bd2 cxd4 12. exd4 Rfd8 13. d5 Nxd5 14. Ne4 Qb6 15.
b4 Nf4 16. Qe1 Nxe2+ 17. Qxe2 Nd4 18. Nxd4 Qxd4 19. Bc3 Qd3 20. Qxd3 Rxd3 21.
Rfd1 Rad8 22. Rxd3 Rxd3 23. Rc1 b6 24. f4 Re3 25. Ng5 Bf5 26. Bd4 Rxa3 27. Bxb6
h6 28. Bc5 hxg5 29. Bxe7 gxf4 30. Rf1 Re3 31. Rxf4 Be6 32. Bc5 Rb3 33. Rf3 Rb2
34. Rf2 Rb1+ 35. Rf1 Rb3 36. Rf3 Rb2 37. Rf2 1/2-1/2

[Event "Euro Online U2300 Day 1"]
[Site "chess.com INT"]
[Date "2020.05.25"]
[Round "7"]
[White "Klimkowski, Jan"]
[Black "Iro, Christian"]
[Result "1-0"]
[WhiteElo "2193"]
[BlackElo "2081"]
[WhiteFideId "21856222"]
[BlackFideId "1637606"]
[EventDate "2020.05.25"]

1. e4 c6 2. d4 d5 3. exd5 cxd5 4. c4 Nf6 5. Nc3 Nc6 6. Nf3 Bg4 7. Be2 e6 8. Be3
dxc4 9. Bxc4 Be7 10. O-O O-O 11. d5 exd5 12. Nxd5 Nxd5 13. Bxd5 Bf6 14. Bc5 Re8
15. Qb3 Qc7 16. h3 Be6 17. Rad1 Bxd5 18. Rxd5 Rad8 19. Rfd1 Rxd5 20. Rxd5 Ne7
21. Bxe7 Rxe7 22. Qd1 g6 23. b3 a6 24. Rd6 Kg7 25. Rxf6 Kxf6 26. Qd4+ Ke6 27.
Ng5+ Kf5 28. Ne4 Qe5 29. g4+ Kf4 30. Qe3# 1-0

[Event "Euro Online U2300 Day 1"]
[Site "chess.com INT"]
[Date "2020.05.25"]
[Round "7"]
[White "Kosmidis, Ioannis"]
[Black "Subelj, Jan"]
[Result "1-0"]
[BlackTitle "FM"]
[WhiteElo "2130"]
[BlackElo "2408"]
[WhiteFideId "4253876"]
[BlackFideId "14618583"]
[EventDate "2020.05.25"]

1. d4 Nf6 2. c4 e6 3. g3 d5 4. Bg2 Be7 5. Nf3 O-O 6. O-O dxc4 7. Ne5 a6 8. Nxc4
Ra7 9. a4 b6 10. Nc3 Bb7 11. e4 Nc6 12. Be3 Nb4 13. Qe2 Ra8 14. Rfd1 Qc8 15.
Rac1 Rd8 16. d5 exd5 17. Nxd5 Nfxd5 18. exd5 Nxd5 19. Bxd5 Rxd5 20. Rxd5 Bxd5
21. Nxb6 cxb6 22. Rxc8+ Rxc8 23. Qxa6 Ra8 24. Qb5 Bf3 25. Qf5 Bc6 26. Bxb6 Bf8
27. a5 Re8 28. f3 Re2 29. Bc5 Bd7 30. Qxd7 Bxc5+ 31. Kf1 Rxb2 32. Qc8+ Bf8 33.
a6 Ra2 34. Qb7 Bc5 35. Qb8+ Bf8 36. a7 g6 37. a8=Q Rxa8 38. Qxa8 Kg7 39. Kg2 Be7
40. Qb7 Bf6 41. h4 Ba1 42. Kh3 Bf6 43. g4 Ba1 44. h5 Bf6 45. f4 h6 46. hxg6 Kxg6
47. Qe4+ Kg7 48. Qf5 Be7 49. g5 hxg5 50. fxg5 Bf8 51. Kg4 Kg8 52. Kf3 Bg7 53.
Ke4 Kf8 54. Kd5 Ke7 55. Kc6 Kf8 56. Kd7 Ba1 57. g6 f6 58. Qe6 Kg7 59. Qf7+ Kh6 1-0

[Event "Euro Online U2300 Day 1"]
[Site "chess.com INT"]
[Date "2020.05.25"]
[Round "7"]
[White "Alexakis, Dimitris"]
[Black "Levitan, Tal"]
[Result "1-0"]
[WhiteTitle "FM"]
[WhiteElo "2450"]
[BlackElo "2126"]
[WhiteFideId "4277023"]
[BlackFideId "2804603"]
[EventDate "2020.05.25"]

1. e4 e5 2. Nf3 Nc6 3. Bc4 Bc5 4. b4 Bb6 5. a4 a5 6. b5 Nd4 7. c3 Nxf3+ 8. Qxf3
Nf6 9. d3 d6 10. Bg5 h6 11. Bxf6 Qxf6 12. Qxf6 gxf6 13. Nd2 f5 14. Bd5 fxe4 15.
dxe4 Rb8 16. Nc4 Be6 17. Rd1 Ke7 18. Ke2 Bxd5 19. Rxd5 Ra8 20. Rhd1 Rhd8 21. g3
f6 22. f4 exf4 23. gxf4 Bc5 24. Kf3 Rg8 25. Rh5 Rg6 26. f5 Rg7 27. Rxh6 Rag8 28.
e5 dxe5 29. Nxe5 fxe5 30. f6+ Kf7 31. fxg7 Kxg7 32. Rh5 Rf8+ 33. Ke4 Rf4+ 34.
Kxe5 Rxa4 35. Ke6 Bd6 36. Rg1+ Kf8 37. Rh8# 1-0

[Event "Euro Online U2300 Day 1"]
[Site "chess.com INT"]
[Date "2020.05.25"]
[Round "7"]
[White "Sargsyan, Tigran R."]
[Black "Gombocz, Ferenc Jr."]
[Result "0-1"]
[BlackTitle "FM"]
[WhiteElo "2274"]
[BlackElo "2209"]
[WhiteFideId "13311328"]
[BlackFideId "775029"]
[EventDate "2020.05.25"]

1. d4 d5 2. Bf4 Nf6 3. e3 c5 4. c3 Nc6 5. Nd2 cxd4 6. exd4 Qb6 7. Qb3 Qxb3 8.
axb3 e6 9. b4 b6 10. Bb5 Bd7 11. Ba6 Nd8 12. Ngf3 Nh5 13. Bc7 Be7 14. Ne5 f6 15.
Nxd7 Kxd7 16. Bxd8 Bxd8 17. Bb7 Rb8 18. Rxa7 Bc7 19. g3 b5 20. Ba6 Kc6 21. Nb3
Kb6 22. Rxc7 Kxc7 23. Nc5 Rb6 24. O-O Ra8 25. Ra1 g5 26. Ra5 Ng7 27. Rxb5 Raxa6
28. Nxa6+ Rxa6 29. Ra5 Rxa5 30. bxa5 Ne8 31. Kg2 Nd6 32. h4 h6 33. Kh3 f5 34.
hxg5 hxg5 35. f4 g4+ 36. Kh4 Kc6 37. b4 Ne4 38. a6 Kb6 39. b5 Nxc3 40. Kg5 Nxb5
41. Kf6 Nxd4 42. Ke5 Ne2 43. Kxe6 Nxg3 44. Kxd5 Ne2 45. Ke5 g3 46. Kxf5 g2 0-1

[Event "Euro Online U2300 Day 1"]
[Site "chess.com INT"]
[Date "2020.05.25"]
[Round "7"]
[White "Shapiro, David"]
[Black "Pogorelskikh, Sergey"]
[Result "1-0"]
[WhiteTitle "FM"]
[BlackTitle "FM"]
[WhiteElo "2392"]
[BlackElo "2218"]
[WhiteFideId "24133523"]
[BlackFideId "4187024"]
[EventDate "2020.05.25"]

1. d4 Nf6 2. Nf3 e6 3. Bf4 d5 4. e3 Bd6 5. Bg3 O-O 6. Bd3 b6 7. Qe2 c5 8. c3 a5
9. Nbd2 Ba6 10. Bb5 c4 11. Bxa6 Nxa6 12. e4 dxe4 13. Ng5 b5 14. Ngxe4 Nxe4 15.
Nxe4 Be7 16. a4 b4 17. Qxc4 Qd5 18. Qxd5 exd5 19. Nd6 bxc3 20. bxc3 Bxd6 21.
Bxd6 Rfd8 22. Bf4 Rac8 23. Kd2 Nc7 24. Rhb1 Ne6 25. Bg3 Rc4 26. Rb5 Rdc8 27. Ra3
f5 28. Be5 Nd8 29. Rxa5 Nc6 30. Rxd5 Nxe5 31. Rxe5 g6 32. Rc5 R4xc5 33. dxc5
Rxc5 34. a5 Rc7 35. a6 Ra7 36. Kd3 Kf7 37. Kc4 Ke6 38. Kb5 Kd6 39. Kb6 Ra8 40.
a7 Kd7 41. Kb7 1-0

[Event "Euro Online U2300 Day 1"]
[Site "chess.com INT"]
[Date "2020.05.25"]
[Round "7"]
[White "Hansen, Lars"]
[Black "Gevorgyan, Maria"]
[Result "0-1"]
[BlackTitle "WGM"]
[WhiteElo "2223"]
[BlackElo "2228"]
[WhiteFideId "1402528"]
[BlackFideId "13300270"]
[EventDate "2020.05.25"]

1. e4 c5 2. Nc3 Nc6 3. f4 e6 4. Nf3 d5 5. Bb5 Nf6 6. e5 Nd7 7. Bxc6 bxc6 8. O-O
c4 9. d4 cxd3 10. cxd3 Rb8 11. Qe1 Qa5 12. Bd2 Qb6+ 13. Kh1 Qxb2 14. Rb1 Qa3 15.
Rxb8 Nxb8 16. f5 Bc5 17. fxe6 Bxe6 18. Qg3 g6 19. Ng5 Nd7 20. Nxe6 fxe6 21. Qg4
Nf8 22. Qf4 Be7 23. Qf7+ Kd8 24. Qg7 Qb2 25. Be1 Ke8 26. Qxh8 Qc2 27. Qg7 Qxd3
28. Qf7+ Kd7 29. Bh4 g5 30. Bxg5 Ng6 31. Bxe7 Nxe7 32. Na4 Qb5 33. Qf4 c5 34.
Rc1 c4 35. Nc3 Qb2 36. h3 a5 37. Qd4 Qxc1+ 38. Kh2 Nc6 39. Qc5 Qf4+ 40. Kh1 Qxe5
41. Nb5 Qf4 42. Qb6 Qb8 43. Qc5 Nb4 44. a3 Nd3 0-1

[Event "Euro Online U2300 Day 1"]
[Site "chess.com INT"]
[Date "2020.05.25"]
[Round "7"]
[White "Kujawski, Adam"]
[Black "Stoleriu, George"]
[Result "0-1"]
[WhiteTitle "FM"]
[BlackTitle "FM"]
[WhiteElo "2201"]
[BlackElo "2349"]
[WhiteFideId "1100920"]
[BlackFideId "1227505"]
[EventDate "2020.05.25"]

1. e4 e6 2. d4 d5 3. Nc3 Bb4 4. e5 c5 5. a3 Ba5 6. b4 cxd4 7. Nb5 Bc7 8. f4 Bd7
9. Nxd4 Nc6 10. Ngf3 Nge7 11. c3 O-O 12. Bd3 f6 13. exf6 Rxf6 14. O-O Ng6 15. g3
Qf8 16. Be3 Re8 17. Nxc6 Bxc6 18. Bd4 e5 19. Bxg6 exd4 20. Bxe8 Qxe8 21. cxd4
Bb6 22. Re1 Qh5 23. Ne5 Qh3 24. Qd2 Rh6 25. Nf3 Bd7 26. Ng5 Bxd4+ 27. Qxd4 Qxh2+
28. Kf1 Bb5+ 29. Re2 Qxe2+ 30. Kg1 Qh2# 0-1

[Event "Euro Online U2300 Day 1"]
[Site "chess.com INT"]
[Date "2020.05.25"]
[Round "7"]
[White "Heinmets, Tonu"]
[Black "Haring, Viktor"]
[Result "0-1"]
[BlackTitle "FM"]
[WhiteElo "1886"]
[BlackElo "2298"]
[WhiteFideId "4500962"]
[BlackFideId "14919400"]
[EventDate "2020.05.25"]

1. Nf3 Nf6 2. g3 d5 3. Bg2 c6 4. O-O Bg4 5. d3 Nbd7 6. Nbd2 e6 7. c3 Be7 8. a3
O-O 9. b4 a5 10. Bb2 Qc7 11. Qb3 e5 12. e4 dxe4 13. dxe4 Be6 14. Qc2 h6 15. Rfd1
Rfd8 16. Nb3 a4 17. Nbd2 c5 18. c4 cxb4 19. axb4 Bxb4 20. Rxa4 Rxa4 21. Qxa4 Be7
22. Qb5 Bc5 23. Nb3 Bxc4 24. Bxe5 Nxe5 25. Rxd8+ Qxd8 0-1

[Event "Euro Online U2300 Day 1"]
[Site "chess.com INT"]
[Date "2020.05.25"]
[Round "7"]
[White "Stoyanov, Viktor"]
[Black "Sokolovsky, Yahli"]
[Result "0-1"]
[WhiteElo "2240"]
[BlackElo "2123"]
[WhiteFideId "450308"]
[BlackFideId "2820242"]
[EventDate "2020.05.25"]

1. e4 e5 2. Nf3 Nc6 3. Bb5 a6 4. Ba4 Nf6 5. O-O Be7 6. Re1 b5 7. Bb3 d6 8. h3
Na5 9. d3 Nxb3 10. axb3 O-O 11. b4 Bb7 12. Nbd2 Nd7 13. Nb3 f5 14. Na5 Qc8 15.
Nxb7 Qxb7 16. exf5 Rxf5 17. Nd2 Raf8 18. Re2 Qb6 19. Ne4 d5 20. Be3 d4 21. Bd2
Bh4 22. g3 Qg6 23. Qe1 Nf6 24. Rxa6 Qh5 25. Nxf6+ Bxf6 26. Kh2 Rf3 27. Qf1 g5
28. Kg2 Be7 29. Rxe5 Qf7 30. Be1 Rxg3+ 31. Kxg3 Qf4+ 32. Kg2 Qxe5 33. Qg1 Bd6
34. Kf1 Re8 35. Ra1 Qe2+ 36. Kg2 Rf8 37. Kh1 h6 38. Qg4 Qf1+ 39. Qg1 Qxh3+ 40.
Qh2 Qxh2# 0-1

[Event "Euro Online U2300 Day 1"]
[Site "chess.com INT"]
[Date "2020.05.25"]
[Round "7"]
[White "Burkhardt, Holger"]
[Black "Melia, Salome"]
[Result "0-1"]
[BlackTitle "IM"]
[WhiteElo "1987"]
[BlackElo "2370"]
[WhiteFideId "4619145"]
[BlackFideId "13602446"]
[EventDate "2020.05.25"]

1. e4 c5 2. Nc3 Nc6 3. Bb5 Nd4 4. Bc4 e6 5. Nge2 Nf6 6. O-O a6 7. d3 b5 8. Bb3
Nxb3 9. axb3 Bb7 10. Bg5 d6 11. f4 Be7 12. Ng3 O-O 13. f5 e5 14. Bxf6 Bxf6 15.
Qg4 b4 16. Nd1 Bg5 17. f6 Bxf6 18. Ne3 g6 19. Rf3 Bg5 20. Raf1 Bc8 21. Ngf5 gxf5
22. Rxf5 Bxf5 23. Rxf5 f6 24. h4 Kh8 25. hxg5 fxg5 26. Nd5 Ra7 27. Rxg5 Raf7 28.
Rh5 Rg7 29. Qh3 Qe8 30. Rh6 Qd8 31. Ne3 Qg5 32. Nf5 Rgf7 33. Rxd6 Qc1+ 34. Kh2
Qxc2 35. Qh6 Qf2 36. Rf6 Qf4+ 37. Qxf4 exf4 38. Rxa6 Rd7 39. Rc6 Rxd3 40. Rxc5
Rxb3 41. Rc2 Rd3 42. Kg1 b3 43. Rf2 Rg8 44. Rxf4 Rd2 45. g3 Rxb2 0-1

[Event "Euro Online U2300 Day 1"]
[Site "chess.com INT"]
[Date "2020.05.25"]
[Round "7"]
[White "Kovacsy, Barnabas"]
[Black "Marjanovic, Annamaria"]
[Result "0-1"]
[BlackTitle "WGM"]
[WhiteElo "2143"]
[BlackElo "2338"]
[WhiteFideId "769290"]
[BlackFideId "750930"]
[EventDate "2020.05.25"]

1. e4 e6 2. d4 d5 3. Nc3 Nf6 4. e5 Nfd7 5. f4 c5 6. Nf3 Nc6 7. Be3 a6 8. Qd2 b5
9. Nd1 Qb6 10. c3 Bb7 11. Be2 cxd4 12. Nxd4 Bc5 13. O-O O-O 14. Nf2 Qc7 15. Rac1
Ba7 16. Kh1 Na5 17. Nh3 Nc4 18. Bxc4 dxc4 19. Qf2 Nc5 20. Ng5 h6 21. Ngf3 Nd3
22. Qg3 Nxc1 23. Bxc1 Bxf3 24. Nxf3 Kh8 25. Qh3 Qd7 26. f5 Qd3 27. Re1 Qxf5 28.
g4 Qh7 29. g5 hxg5 30. Qg4 f6 31. Qxe6 fxe5 32. Nxg5 Qf5 0-1

[Event "Euro Online U2300 Day 1"]
[Site "chess.com INT"]
[Date "2020.05.25"]
[Round "7"]
[White "Marchenko, Anton"]
[Black "Kopsa, Petri"]
[Result "1-0"]
[WhiteElo "2103"]
[BlackElo "2048"]
[WhiteFideId "14118416"]
[BlackFideId "1706594"]
[EventDate "2020.05.25"]

1. e4 c5 2. Nf3 d6 3. d4 cxd4 4. Nxd4 Nf6 5. Nc3 a6 6. Bg5 e6 7. f4 Nbd7 8. Qf3
h6 9. Bh4 g5 10. fxg5 Nh7 11. O-O-O Ne5 12. Qe3 hxg5 13. Bg3 Bd7 14. Be2 Nf6 15.
Kb1 Nh5 16. Bxe5 dxe5 17. Nxe6 fxe6 18. Qh3 Qe7 19. Bxh5+ Kd8 20. Rhf1 Rh7 21.
Na4 Kc7 22. Qc3+ Kb8 23. Rxd7 Qxd7 24. Rxf8+ Ka7 25. Qc5+ 1-0

[Event "Euro Online U2300 Day 1"]
[Site "chess.com INT"]
[Date "2020.05.25"]
[Round "7"]
[White "De Verdier, Michael"]
[Black "Zhukov, Anton"]
[Result "1-0"]
[WhiteTitle "FM"]
[BlackTitle "FM"]
[WhiteElo "2291"]
[BlackElo "2223"]
[WhiteFideId "1710516"]
[BlackFideId "34187534"]
[EventDate "2020.05.25"]

1. c4 Nf6 2. Nc3 g6 3. e4 d6 4. d4 Bg7 5. Bd3 O-O 6. Nge2 e5 7. d5 Nbd7 8. f3 a5
9. Bg5 Nc5 10. Bc2 Bd7 11. Qd2 Rb8 12. O-O b5 13. cxb5 Bxb5 14. Nxb5 Rxb5 15. b3
Qb8 16. Rfb1 Qa7 17. Be3 Rfb8 18. Nc3 R5b7 19. a3 Qa8 20. b4 Ncd7 21. Qe1 Nb6
22. Bd3 axb4 23. axb4 Ra7 24. Rxa7 Qxa7 25. Ra1 Qb7 26. Ba6 Qa8 27. Bc8 Rxc8 28.
Rxa8 Rxa8 29. Nb5 Ne8 30. Nxc7 Nxc7 31. Bxb6 Nb5 32. Qc1 Nd4 33. Qc4 h5 34. Bc7
Bh6 35. Ba5 f5 36. exf5 gxf5 37. Qc7 Bf8 38. Kf2 Nb5 39. Qb7 1-0

[Event "Euro Online U2300 Day 1"]
[Site "chess.com INT"]
[Date "2020.05.25"]
[Round "7"]
[White "Osipov, Aleksandr"]
[Black "Hofer, Maximilian"]
[Result "1-0"]
[WhiteElo "2030"]
[BlackElo "2108"]
[WhiteFideId "44154364"]
[BlackFideId "1625560"]
[EventDate "2020.05.25"]

1. d4 Nf6 2. c4 g6 3. Nc3 Bg7 4. e4 d6 5. f3 O-O 6. Be3 c5 7. Nge2 Nc6 8. d5 Ne5
9. Ng3 h5 10. Be2 Qa5 11. O-O h4 12. Nh1 Nh5 13. h3 a6 14. f4 Nd7 15. Bxh5 gxh5
16. Qxh5 b5 17. Qxh4 bxc4 18. Ng3 Qb6 19. Nf5 Bf6 20. Qg4+ Kh8 21. Qh5+ Kg8 22.
Rf3 Rd8 23. Rg3+ Kf8 24. Qh6+ Ke8 25. Rg8+ Nf8 26. Qxf8+ Kd7 27. Qxd8+ Qxd8 28.
Rxd8+ Kxd8 29. Re1 Rb8 30. Re2 Kc7 31. g4 Bxf5 32. exf5 Bd4 33. Bf2 Kd7 34. g5
Bg7 35. h4 Rh8 36. Kg2 Bd4 37. Kg3 Bg7 38. Kg4 a5 39. h5 a4 40. h6 Bf8 41. Nxa4
f6 42. Nb6+ Kc7 43. Nxc4 fxg5 44. fxg5 e5 45. dxe6 Be7 46. f6 d5 47. fxe7 dxc4
48. g6 c3 49. bxc3 c4 50. g7 Re8 51. h7 1-0

[Event "Euro Online U2300 Day 1"]
[Site "chess.com INT"]
[Date "2020.05.25"]
[Round "7"]
[White "Aliyeva, Aygun"]
[Black "Solakoglu, Ozgur"]
[Result "1/2-1/2"]
[WhiteTitle "WFM"]
[BlackTitle "FM"]
[WhiteElo "2170"]
[BlackElo "1967"]
[WhiteFideId "13400754"]
[BlackFideId "6300510"]
[EventDate "2020.05.25"]

1. d4 d5 2. Nf3 Nf6 3. g3 g6 4. Bg2 Bg7 5. Nbd2 O-O 6. c3 c6 7. b3 Bg4 8. Bb2
Qd7 9. h3 Bf5 10. Nf1 Ne4 11. Ne3 Be6 12. Ne5 Bxe5 13. dxe5 f5 14. exf6 Rxf6 15.
Bxe4 dxe4 16. Qxd7 Nxd7 17. c4 Rf7 18. Ng4 h5 19. Nh6+ Kf8 20. Nxf7 Kxf7 21. f3
exf3 22. exf3 Nc5 23. Bd4 Nd3+ 24. Ke2 Nb4 25. Bc3 Na6 26. g4 b5 27. gxh5 gxh5
28. Rhg1 bxc4 29. Rg7+ Kf8 30. Rag1 cxb3 31. axb3 Bxb3 32. Rh7 Bc4+ 33. Ke3 Nc7
34. Bg7+ Ke8 35. Rxh5 Kd7 36. Bd4 Nd5+ 37. Kd2 Rf8 38. Rg3 a5 39. Rh7 a4 40. h4
a3 41. h5 a2 42. h6 c5 43. Ba1 Nf6 44. Rhg7 Rh8 45. Bxf6 Rxh6 46. Ba1 Rh1 47.
Rg1 Rh2+ 48. R7g2 Rh3 49. Rf2 Bd5 50. Ke3 e6 51. Rc1 Kd6 52. Bg7 c4 53. Bf8+ Kc6
54. Kf4 Rh8 55. Bg7 Rb8 56. Rfc2 Rb1 57. Kg4 Kd7 58. f4 c3 59. Bxc3 Bb3 60. Rd2+
Ke8 61. Rxa2 Bxa2 62. Rxb1 Bxb1 63. Be5 Bf5+ 64. Kg5 1/2-1/2

[Event "Euro Online U2300 Day 1"]
[Site "chess.com INT"]
[Date "2020.05.25"]
[Round "7"]
[White "Yakimova, Mariya"]
[Black "Kamer, Kayra"]
[Result "0-1"]
[WhiteTitle "WFM"]
[BlackTitle "FM"]
[WhiteElo "2269"]
[BlackElo "2325"]
[WhiteFideId "34188859"]
[BlackFideId "6367879"]
[EventDate "2020.05.25"]

1. d4 Nf6 2. c4 g6 3. Nf3 Bg7 4. g3 O-O 5. Bg2 c6 6. O-O d6 7. Nc3 Qa5 8. e4 e5
9. d5 cxd5 10. cxd5 b5 11. Nd2 b4 12. Nb3 Qa6 13. Ne2 Bg4 14. f3 Qb6+ 15. Kh1
Bd7 16. Bg5 a5 17. a4 bxa3 18. Rxa3 a4 19. Qd2 Na6 20. Be3 Qb4 21. Rfa1 Qxd2 22.
Nxd2 Nb4 23. Rc3 Bb5 24. Nc4 Nfxd5 25. exd5 Nxd5 26. Bf1 Bxc4 27. Rxc4 Nxe3 28.
Rc6 Rfb8 29. Rxd6 Rxb2 30. Nc3 Nxf1 31. Rxf1 a3 32. Ra1 a2 33. Rd7 e4 0-1

[Event "Euro Online U2300 Day 1"]
[Site "chess.com INT"]
[Date "2020.05.25"]
[Round "7"]
[White "Timagin, Petr"]
[Black "Navumenka, Mikhei"]
[Result "1-0"]
[WhiteTitle "FM"]
[BlackTitle "CM"]
[WhiteElo "2337"]
[BlackElo "2105"]
[WhiteFideId "4137698"]
[BlackFideId "13514075"]
[EventDate "2020.05.25"]

1. e4 e6 2. Nf3 d5 3. Nc3 c5 4. exd5 exd5 5. Bb5+ Nc6 6. O-O Be7 7. d4 c4 8. Ne5
Bd7 9. Re1 Nf6 10. b3 cxb3 11. axb3 O-O 12. Nxd7 Qxd7 13. Na4 Rfe8 14. h3 Bd6
15. Be3 Ne4 16. Nc5 Bxc5 17. dxc5 Nc3 18. Qd3 Nxb5 19. Qxb5 a6 20. Qd3 d4 21. c3
Red8 22. Rad1 Qd5 23. cxd4 Rd7 24. Bf4 Nxd4 25. Bd6 Qxb3 26. Qxd4 h6 27. Qd5 a5
28. Qxb3 1-0

[Event "Euro Online U2300 Day 1"]
[Site "chess.com INT"]
[Date "2020.05.25"]
[Round "7"]
[White "Schneider, Jana"]
[Black "Memeti, Kastriot"]
[Result "1-0"]
[WhiteTitle "FM"]
[WhiteElo "2270"]
[BlackElo "2129"]
[WhiteFideId "12924997"]
[BlackFideId "204390"]
[EventDate "2020.05.25"]

1. e4 e6 2. d4 d5 3. Nd2 c5 4. exd5 Qxd5 5. Ngf3 cxd4 6. Bc4 Qd7 7. O-O Nc6 8.
Nb3 a6 9. Nbxd4 Nxd4 10. Nxd4 Qc7 11. Qe2 Bd6 12. h3 Ne7 13. Rd1 O-O 14. Bg5 Ng6
15. Bb3 h6 16. Be3 b6 17. Rd2 Bb7 18. Rad1 Rad8 19. Bxe6 Bh2+ 20. Kh1 fxe6 21.
Nxe6 Qc6 22. Qg4 Rxd2 23. Rxd2 Rf6 24. Rd8+ Kf7 25. Nd4 Qxg2+ 26. Qxg2 Bxg2+ 27.
Kxg2 Ke7 28. Ra8 Be5 29. Rxa6 Nh4+ 30. Kf1 Kd6 31. Rxb6+ 1-0

[Event "Euro Online U2300 Day 1"]
[Site "chess.com INT"]
[Date "2020.05.25"]
[Round "7"]
[White "Pankratov, Oleg"]
[Black "Krivenko, Sergey"]
[Result "0-1"]
[WhiteElo "2104"]
[BlackElo "2279"]
[WhiteFideId "24115290"]
[BlackFideId "24124753"]
[EventDate "2020.05.25"]

1. Nf3 d5 2. g3 c6 3. Bg2 Bf5 4. d3 h6 5. O-O e6 6. c4 dxc4 7. dxc4 Qxd1 8. Rxd1
Bc5 9. Ne5 Nf6 10. Nd3 Be7 11. Nc3 Nbd7 12. e4 Bh7 13. Bf4 Nc5 14. Nxc5 Bxc5 15.
h3 Rd8 16. g4 Bd4 17. Ne2 Bb6 18. Ng3 Ke7 19. e5 Nd7 20. Ne4 Bxe4 21. Bxe4 Bc7
22. Be3 Nxe5 23. Bc5+ Bd6 24. Bxa7 Nxc4 25. Bd4 Be5 26. Bc5+ Kf6 27. Rac1 Nxb2
28. Rxd8 Rxd8 29. Rc2 g5 30. h4 Rd1+ 31. Kg2 Nd3 32. hxg5+ hxg5 33. Bb6 Ne1+ 34.
Kh3 Nxc2 35. Bxc2 Rd2 36. Bb3 Bd4 37. Bd8+ Kg6 38. f3 b5 39. Bc7 c5 0-1

[Event "Euro Online U2300 Day 1"]
[Site "chess.com INT"]
[Date "2020.05.25"]
[Round "7"]
[White "Atanasov, Radislav"]
[Black "Rogule, Laura"]
[Result "1-0"]
[BlackTitle "WGM"]
[WhiteElo "2115"]
[BlackElo "2297"]
[WhiteFideId "2901471"]
[BlackFideId "11601876"]
[EventDate "2020.05.25"]

1. e4 c5 2. c3 Nf6 3. e5 Nd5 4. d4 cxd4 5. Nf3 d6 6. cxd4 e6 7. a3 Be7 8. Bd3 b6
9. O-O O-O 10. Re1 Bb7 11. Qc2 g6 12. Bh6 Re8 13. Qe2 Nd7 14. Nbd2 dxe5 15. dxe5
Bf8 16. Bg5 Be7 17. Bh6 Bf8 18. Bxf8 Rxf8 19. Bc4 Rc8 20. Rad1 Qe7 21. Ne4 Nf4
22. Qe3 Nd5 23. Qe2 Nf4 24. Qd2 Rxc4 25. Qxf4 Bxe4 26. Rxe4 Rxe4 27. Qxe4 Nc5
28. Qd4 Rc8 29. h4 h6 30. Qf4 Kg7 31. Nh2 h5 32. Nf3 Rd8 33. Qf6+ 1-0

[Event "Euro Online U2300 Day 1"]
[Site "chess.com INT"]
[Date "2020.05.25"]
[Round "7"]
[White "Cevizci, Yusuf Baran"]
[Black "Droin, Augustin"]
[Result "1/2-1/2"]
[BlackTitle "FM"]
[WhiteElo "1789"]
[BlackElo "2313"]
[WhiteFideId "34565400"]
[BlackFideId "45105987"]
[EventDate "2020.05.25"]

1. e4 c5 2. c3 d5 3. exd5 Qxd5 4. d4 Nf6 5. Nf3 Bg4 6. Be2 e6 7. O-O Nc6 8. Be3
cxd4 9. Nxd4 Bxe2 10. Qxe2 Be7 11. Nd2 O-O 12. N2f3 Rfd8 13. Rfd1 Ne5 14. h3 Ng6
15. Nb3 Qc6 16. Nfd4 Qa4 17. f4 Nd5 18. f5 exf5 19. Nxf5 Qe4 20. Qd3 Qxd3 21.
Rxd3 Nxe3 22. Nxe7+ Nxe7 23. Rxe3 Nc6 24. Rae1 Kf8 25. Nc5 b6 26. Nd3 f6 27. b3
Kf7 28. Nb4 Ne5 29. c4 Rd2 30. R3e2 Rad8 31. Nd5 Rxe2 32. Rxe2 b5 33. Ne3 bxc4
34. Nxc4 Nxc4 35. bxc4 Rd1+ 36. Kf2 Rc1 37. Rb2 Kg6 38. Rb7 a5 39. Ra7 Rc2+ 40.
Ke3 Rxa2 41. g4 Ra3+ 42. Kd4 Rxh3 43. c5 Rh4 44. c6 Rxg4+ 45. Kd5 Rg1 46. c7 Rc1
47. Kd6 f5 48. Rxa5 Rxc7 49. Kxc7 Kg5 50. Kd6 h5 51. Ke5 h4 52. Ra1 h3 53. Rg1+
Kh4 54. Rxg7 h2 55. Rh7+ Kg3 56. Rxh2 Kxh2 57. Kxf5 1/2-1/2

[Event "Euro Online U2300 Day 1"]
[Site "chess.com INT"]
[Date "2020.05.25"]
[Round "7"]
[White "Polczyk, Mikolaj"]
[Black "Guliev, Sarhan"]
[Result "0-1"]
[BlackTitle "GM"]
[WhiteElo "2118"]
[BlackElo "2308"]
[WhiteFideId "1183494"]
[BlackFideId "13400231"]
[EventDate "2020.05.25"]

1. d4 Nf6 2. c4 g6 3. Nf3 Bg7 4. Nc3 d6 5. g3 O-O 6. Bg2 Nc6 7. O-O a6 8. e4 Rb8
9. Re1 b5 10. cxb5 axb5 11. b3 b4 12. Nd5 e6 13. Nxf6+ Bxf6 14. Bh6 Re8 15. e5
Be7 16. Rc1 Bb7 17. exd6 cxd6 18. h4 Na7 19. h5 Nb5 20. hxg6 hxg6 21. Qd3 Qd7
22. Bh3 Bd5 23. Ng5 Bf6 24. Ne4 Bxe4 25. Rxe4 Nc3 26. Rf4 Nd5 27. Rxf6 Nxf6 28.
d5 Qb5 29. Qxb5 Rxb5 30. dxe6 fxe6 31. Rc7 Rh5 32. Rg7+ Kh8 33. Rxg6 Ng8 34. Bd2
Rxh3 35. Bxb4 Kh7 36. Rg5 Kh6 37. Bd2 Kh7 38. Ra5 d5 39. Kg2 Rh5 40. g4 Re5 41.
Be3 Re4 42. Kf3 Nf6 43. Ra7+ Kg6 44. g5 Ng4 45. a4 Rf8+ 46. Ke2 Rxf2+ 0-1